[Event "EU/EM/M/001 EU Email"]
[Site "EU eMail"]
[Date "2002.02.27"]
[Round "?"]
[White "Machycek, Lubomir"]
[Black "Mayer, Johann"]
[Result "1-0"]
[WhiteElo "2390"]
[BlackElo "2216"]
[PlyCount "95"]
[EventDate "2002.??.??"]

1. Nf3 Nf6 2. c4 e6 3. Nc3 c5 4. g3 b6 5. Bg2 Bb7 6. O-O Be7 7. d4 cxd4 8. Qxd4
O-O 9. Rd1 Nc6 10. Qf4 Qb8 11. b3 Rd8 12. Qxb8 Raxb8 13. Bf4 Rbc8 14. Bd6 Bxd6
15. Rxd6 Ne8 16. Rdd1 Ne7 17. e4 d6 18. Nd4 a6 19. Nde2 Nc6 20. f4 Rc7 21. Rd2
Rb8 22. Kf2 h6 23. Rad1 Ne7 24. h4 Bc6 25. Bh3 b5 26. Rd4 b4 27. Nb1 e5 28.
fxe5 dxe5 29. Rd8 Rxd8 30. Rxd8 Kh7 31. Ke3 Nf6 32. Nd2 g5 33. hxg5 hxg5 34.
Nc1 g4 35. Bg2 Rd7 36. Rxd7 Nxd7 37. Nd3 a5 38. c5 Bb5 39. Bf1 Bxd3 40. Kxd3
Nxc5+ 41. Kc4 Nb7 42. Kb5 Kg6 43. Bd3 Kg5 44. Kb6 Nd6 45. Kc7 Ndc8 46. Nc4 f6
47. Kd7 Kh6 48. Ne3 1-0

[Event "EU/EM/M/001 EU Email"]
[Site "EU eMail"]
[Date "2002.02.27"]
[Round "?"]
[White "Machycek, Lubomir"]
[Black "Wurschner, Miroslav"]
[Result "1-0"]
[WhiteElo "2390"]
[BlackElo "2284"]
[PlyCount "83"]
[EventDate "2002.??.??"]

1. Nf3 Nf6 2. c4 g6 3. Nc3 Bg7 4. e4 d6 5. d4 O-O 6. h3 e5 7. d5 Na6 8. Bg5 Qe8
9. g4 Nd7 10. Rg1 Kh8 11. Be2 Ndc5 12. a3 f5 13. Nd2 fxe4 14. Ndxe4 Nxe4 15.
Nxe4 Nc5 16. Qc2 Nxe4 17. Qxe4 c5 18. h4 Bf6 19. Be3 Qa4 20. Rg3 Qa5+ 21. Bd2
Qc7 22. Rf3 Rf7 23. h5 g5 24. b4 b6 25. Rb3 Bd7 26. Be3 Raf8 27. Kf1 Qc8 28.
bxc5 bxc5 29. Rab1 Kg8 30. Kg2 Qc7 31. Rb7 Qa5 32. R1b3 Bd8 33. Bd3 Qe1 34. f3
a6 35. Rb8 Qa5 36. Bc1 Be7 37. Rxf8+ Kxf8 38. Rb8+ Be8 39. Qe2 Qc7 40. Qb2 a5
41. Qb1 Bf6 42. Bf5 1-0

[Event "EU/EM/M/001 EU Email"]
[Site "EU eMail"]
[Date "2002.02.27"]
[Round "?"]
[White "Mayer, Johann"]
[Black "Delavekouras, Sotiris"]
[Result "0-1"]
[WhiteElo "2216"]
[BlackElo "2256"]
[PlyCount "64"]
[EventDate "2002.??.??"]

1. e4 e5 2. Nf3 Nc6 3. Bb5 a6 4. Ba4 Nf6 5. O-O Nxe4 6. d4 b5 7. Bb3 d5 8. dxe5
Be6 9. c3 Bc5 10. Qd3 O-O 11. Be3 f5 12. exf6 Qxf6 13. Nbd2 Bxe3 14. Qxe3 Nxd2
15. Qxd2 Rad8 16. Nd4 Bf7 17. Bc2 Na5 18. Qe3 c5 19. Qh3 g6 20. Nb3 Nxb3 21.
Bxb3 c4 22. Bc2 d4 23. cxd4 b4 24. Qe3 Rxd4 25. Rae1 Rfd8 26. Qc1 Rd2 27. Rd1
c3 28. bxc3 bxc3 29. Qb1 Kh8 30. Bb3 Qd4 31. Rxd2 cxd2 32. Qd1 Bxb3 0-1

[Event "EU/EM/M/001 EU Email"]
[Site "EU eMail"]
[Date "2002.02.27"]
[Round "?"]
[White "Mayer, Johann"]
[Black "Glaser, Karel"]
[Result "0-1"]
[WhiteElo "2216"]
[BlackElo "2145"]
[PlyCount "43"]
[EventDate "2002.??.??"]

1. e4 e5 2. Nf3 Nc6 3. Bb5 a6 4. Ba4 Nf6 5. O-O Be7 6. Re1 b5 7. Bb3 d6 8. c3
O-O 9. h3 Bb7 10. d4 Re8 11. Nbd2 Bf8 12. a4 h6 13. Bc2 exd4 14. cxd4 Nb4 15.
Bb1 c5 16. d5 Nd7 17. Nb3 f5 18. Na5 Qxa5 19. b3 fxe4 20. Bxe4 Nf6 21. Bg6
Rxe1+ 22. Nxe1 0-1

[Event "EU/EM/M/001 EU Email"]
[Site "EU eMail"]
[Date "2002.02.27"]
[Round "?"]
[White "Mayer, Johann"]
[Black "Karelin, Evgeny"]
[Result "0-1"]
[WhiteElo "2216"]
[BlackElo "1706"]
[PlyCount "38"]
[EventDate "2002.??.??"]

1. e4 e5 2. Nf3 Nf6 3. d4 Nxe4 4. Bd3 d5 5. Nxe5 Nd7 6. Nxd7 Bxd7 7. O-O Qh4 8.
c4 O-O-O 9. c5 g6 10. Nc3 Bg7 11. g3 Qf6 12. Be3 Bc6 13. a4 Rhe8 14. Nb5 Kb8
15. Qe1 a6 16. Qa5 Re7 17. Bf4 Rdd7 18. b4 Ng5 19. Na3 Nh3+ 0-1

[Event "EU/EM/M/001 EU Email"]
[Site "EU eMail"]
[Date "2002.02.27"]
[Round "?"]
[White "Mayer, Johann"]
[Black "Prokopp, Heinz"]
[Result "0-1"]
[WhiteElo "2216"]
[BlackElo "2442"]
[PlyCount "56"]
[EventDate "2002.??.??"]

1. e4 e6 2. d4 d5 3. Nd2 Nf6 4. e5 Nfd7 5. Bd3 c5 6. c3 Nc6 7. Ne2 cxd4 8. cxd4
f6 9. exf6 Nxf6 10. Nf3 Bd6 11. O-O Qc7 12. Bg5 O-O 13. Bh4 Bd7 14. Bg3 Be8 15.
Ng5 Qe7 16. Qc2 h6 17. Nf3 Rc8 18. Bxd6 Qxd6 19. Ng3 Nh5 20. Qd2 Rxf3 21. gxf3
Nxd4 22. Bh7+ Kxh7 23. Qxd4 Nf4 24. Qxa7 e5 25. Qe3 d4 26. Qb3 Bc6 27. Rfc1 Qd7
28. Qd1 Bb5 0-1

[Event "EU/EM/M/001 EU Email"]
[Site "EU eMail"]
[Date "2002.02.27"]
[Round "?"]
[White "Mayer, Johann"]
[Black "Wurschner, Miroslav"]
[Result "1/2-1/2"]
[WhiteElo "2216"]
[BlackElo "2284"]
[PlyCount "85"]
[EventDate "2002.??.??"]

1. e4 c5 2. Nf3 d6 3. d4 cxd4 4. Nxd4 Nf6 5. Nc3 a6 6. Bg5 e6 7. f4 Be7 8. Qf3
Qc7 9. O-O-O Nbd7 10. g4 b5 11. Bxf6 Nxf6 12. g5 Nd7 13. f5 Nc5 14. f6 gxf6 15.
gxf6 Bf8 16. Rg1 h5 17. Rg7 b4 18. Nd5 exd5 19. exd5 Nd7 20. Nc6 Bb7 21. Bh3
Bxc6 22. dxc6 Ne5 23. Bd7+ Kd8 24. Qe4 Qa5 25. Be6 Qc5 26. Bxf7 Kc7 27. Rd5 Qc4
28. Qf5 Qxc6 29. Be8+ Bxg7 30. Bxc6 Bh6+ 31. Kd1 Nxc6 32. Qe6 h4 33. Qxd6+ Kb7
34. Qd7+ Kb6 35. Rd6 Rac8 36. Qg4 Rcd8 37. Rxd8 Rxd8+ 38. Ke1 Rd4 39. Qe6 Kc7
40. Qe8 Rd8 41. f7 Bf8 42. h3 a5 43. Qe4 1/2-1/2

[Event "EU/EM/M/001 EU Email"]
[Site "EU eMail"]
[Date "2002.02.27"]
[Round "?"]
[White "Prokopp, Heinz"]
[Black "Delavekouras, Sotiris"]
[Result "1/2-1/2"]
[WhiteElo "2442"]
[BlackElo "2256"]
[PlyCount "79"]
[EventDate "2002.??.??"]

1. e4 e5 2. Nf3 Nc6 3. Bb5 a6 4. Ba4 Nf6 5. O-O Nxe4 6. d4 b5 7. Bb3 d5 8. dxe5
Be6 9. Nbd2 Nc5 10. c3 Bg4 11. Bc2 Qd7 12. h3 Bh5 13. Re1 Be7 14. Nb3 Ne6 15.
Bf5 Ncd8 16. Be3 Nb7 17. a4 O-O 18. Nbd2 c5 19. Qc2 Bg6 20. Bxg6 hxg6 21. Red1
Qc6 22. b3 Rfd8 23. axb5 axb5 24. Rxa8 Rxa8 25. Nf1 Nc7 26. Ng3 Nd8 27. Ne2
Nde6 28. Qb1 Qa6 29. Nc1 b4 30. cxb4 d4 31. Bd2 cxb4 32. Qe4 Nb5 33. Qd3 Nc3
34. Qxa6 Rxa6 35. Re1 Ra3 36. g3 g5 37. Kg2 Kf8 38. Rf1 Ke8 39. Ne1 Ne4 40. Nf3
1/2-1/2

[Event "EU/EM/M/001 EU Email"]
[Site "EU eMail"]
[Date "2002.02.27"]
[Round "?"]
[White "Prokopp, Heinz"]
[Black "Koronowski, Heinz Juergen"]
[Result "1/2-1/2"]
[WhiteElo "2442"]
[BlackElo "2201"]
[PlyCount "55"]
[EventDate "2002.??.??"]

1. e4 c5 2. Nf3 Nc6 3. d4 cxd4 4. Nxd4 Nf6 5. Nc3 e5 6. Ndb5 d6 7. Bg5 a6 8.
Na3 b5 9. Nd5 Be7 10. Bxf6 Bxf6 11. c3 O-O 12. Nc2 Bg5 13. a4 bxa4 14. Rxa4 a5
15. Bc4 Rb8 16. b3 Kh8 17. O-O f5 18. exf5 Bxf5 19. Nce3 Bg6 20. Be2 Bf7 21.
Bf3 Bxe3 22. fxe3 Ne7 23. Be4 Bxd5 24. Rxf8+ Qxf8 25. Bxd5 Qd8 26. Qd3 Qb6 27.
c4 g6 28. Qc3 1/2-1/2

[Event "EU/EM/M/001 EU Email"]
[Site "EU eMail"]
[Date "2002.02.27"]
[Round "?"]
[White "Prokopp, Heinz"]
[Black "Machycek, Lubomir"]
[Result "0-1"]
[WhiteElo "2442"]
[BlackElo "2390"]
[PlyCount "104"]
[EventDate "2002.??.??"]

1. e4 Nf6 2. e5 Nd5 3. d4 d6 4. Nf3 g6 5. Bc4 c6 6. O-O Bg7 7. h3 O-O 8. exd6
Qxd6 9. Bb3 b5 10. a4 Bb7 11. Re1 a6 12. Bg5 e6 13. Nbd2 Nd7 14. Ne4 Qc7 15.
Bh4 c5 16. Bg3 Qc6 17. Bd6 c4 18. Bxf8 Rxf8 19. Ba2 b4 20. Qd2 a5 21. c3 b3 22.
Bb1 f5 23. Ng3 Re8 24. h4 Qd6 25. Nf1 Nf4 26. N1h2 Bd5 27. g3 Nh5 28. Ng5 Bc6
29. Ngf3 Qd5 30. g4 Nhf6 31. gxf5 gxf5 32. Qf4 Bf8 33. Kf1 Bd6 34. Ne5 Nxe5 35.
dxe5 Qg2+ 36. Ke2 Nd5 37. Qg3+ Qxg3 38. fxg3 Nxc3+ 39. bxc3 Bxe5 40. Ra3 Rb8
41. Nf1 Bxc3 42. Rc1 Bb2 43. Rxb3 Rxb3 44. Rxc4 Bb7 45. Bc2 Ra3 46. Ne3 Be5 47.
Kf2 h5 48. Bd1 Be4 49. Nf1 Bd3 50. Rc8+ Kf7 51. Bxh5+ Ke7 52. Rc1 Bd4+ 0-1

[Event "EU/EM/M/001 EU Email"]
[Site "EU eMail"]
[Date "2002.02.27"]
[Round "?"]
[White "Prokopp, Heinz"]
[Black "Ryska, Jiri"]
[Result "1-0"]
[WhiteElo "2442"]
[BlackElo "2258"]
[PlyCount "57"]
[EventDate "2002.??.??"]

1. e4 d5 2. exd5 Nf6 3. d4 Nxd5 4. c4 Nb6 5. Nf3 Bg4 6. c5 N6d7 7. Bc4 e6 8. h3
Bh5 9. Be3 b6 10. O-O bxc5 11. g4 Bg6 12. Nc3 Bd6 13. Bg5 Qc8 14. d5 e5 15. Nh4
f6 16. Be3 Qb7 17. Nxg6 hxg6 18. Qc2 Nf8 19. Kg2 g5 20. Rac1 Kf7 21. Bb5 a6 22.
Ba4 Rh6 23. Ne4 Ng6 24. Nxc5 Qxd5+ 25. Ne4 Ke7 26. Bb3 Qc6 27. Qxc6 Nxc6 28.
Rxc6 Rd8 29. Rxa6 1-0

[Event "EU/EM/M/001 EU Email"]
[Site "EU eMail"]
[Date "2002.02.27"]
[Round "?"]
[White "Prokopp, Heinz"]
[Black "Wrba, Klaus"]
[Result "1-0"]
[WhiteElo "2442"]
[BlackElo "2431"]
[PlyCount "83"]
[EventDate "2002.??.??"]

1. e4 e6 2. d4 d5 3. Nc3 Bb4 4. e5 c5 5. a3 Bxc3+ 6. bxc3 Ne7 7. Nf3 Qa5 8. Bd2
c4 9. Be2 Bd7 10. O-O Ba4 11. Ng5 h6 12. Nh3 Nbc6 13. Rb1 O-O 14. Nf4 b6 15.
Qc1 Kh8 16. Nh5 Ng8 17. Bg4 Rae8 18. Re1 Kh7 19. Re3 f5 20. Be2 Nd8 21. Rh3 Nf7
22. Rg3 g6 23. Nf6+ Nxf6 24. exf6 e5 25. Bxh6 f4 26. Bxf8 fxg3 27. Bb4 gxf2+
28. Kxf2 Qa6 29. Bg4 Qb7 30. Kg1 Nh6 31. Qg5 Nxg4 32. Qxg4 Qf7 33. Be7 exd4 34.
Qxd4 Bxc2 35. Re1 Be4 36. Qe5 g5 37. g4 Rh8 38. Qxg5 Qg6 39. Qf4 Kg8 40. Rf1
Kf7 41. Bb4 Rc8 42. h3 1-0

[Event "EU/EM/M/001 EU Email"]
[Site "EU eMail"]
[Date "2002.02.27"]
[Round "?"]
[White "Ryska, Jiri"]
[Black "Flaherty, Kevin"]
[Result "1/2-1/2"]
[WhiteElo "2258"]
[BlackElo "2139"]
[PlyCount "107"]
[EventDate "2002.??.??"]

1. d4 d5 2. Nf3 Nf6 3. g3 c6 4. Bg2 Bf5 5. Nbd2 e6 6. c4 Nbd7 7. Nh4 Be4 8. f3
Bg6 9. Nxg6 hxg6 10. e4 dxe4 11. fxe4 e5 12. d5 Qb6 13. Qe2 a5 14. Rb1 a4 15.
Nf3 Bb4+ 16. Kf1 Qc7 17. Bg5 a3 18. b3 Nh7 19. Bh4 Qd6 20. Rd1 f6 21. g4 O-O-O
22. Bg3 c5 23. Ne1 Nb8 24. Nc2 Na6 25. Qe3 Ng5 26. Qc1 Ne6 27. Nxa3 Bxa3 28.
Qxa3 Nd4 29. Rd2 Qd7 30. h3 Qd6 31. Kf2 Nb4 32. Rf1 Qb6 33. Qb2 Na6 34. Kg1 Rd6
35. Rb1 Qa7 36. a3 Nc7 37. Bf2 Rb6 38. b4 Ne8 39. Rd3 Nd6 40. Rc1 g5 41. Kh1
Kb8 42. Qa1 Ra6 43. bxc5 Qxc5 44. Bxd4 exd4 45. Qxd4 Qxd4 46. Rxd4 Ra4 47. Rb1
Rc8 48. Rb6 Nxc4 49. Rb4 Rxb4 50. axb4 Ne5 51. Bf1 Rc2 52. Rd1 Nf3 53. Bg2 Nh4
54. Bf1 1/2-1/2

[Event "EU/EM/M/001 EU Email"]
[Site "EU eMail"]
[Date "2002.02.27"]
[Round "?"]
[White "Ryska, Jiri"]
[Black "Karelin, Evgeny"]
[Result "0-1"]
[WhiteElo "2258"]
[BlackElo "1706"]
[PlyCount "108"]
[EventDate "2002.??.??"]

1. d4 Nf6 2. c4 e6 3. Nc3 d5 4. Nf3 c6 5. Bg5 h6 6. Bxf6 Qxf6 7. e3 Be7 8. Bd3
Nd7 9. O-O O-O 10. Qc2 a6 11. Rac1 Re8 12. Ne2 Bd6 13. Ng3 e5 14. cxd5 cxd5 15.
e4 exd4 16. exd5 Ne5 17. Nxd4 Nxd3 18. Qxd3 Qe5 19. Ndf5 Bxf5 20. Qxf5 Qxb2 21.
Rb1 Qxa2 22. Rxb7 Re7 23. Rxe7 Bxe7 24. Qd7 Bf6 25. Re1 Rf8 26. Re8 g6 27. h3
Qa1+ 28. Nf1 a5 29. Re4 Rd8 30. Qc6 Kg7 31. Ra4 Qe1 32. Qc5 Re8 33. Ra2 Bc3 34.
Qb5 Bb4 35. Qd3 Re5 36. g3 Qe4 37. Qxe4 Rxe4 38. Ne3 Rd4 39. Kf1 Kf6 40. Rc2 h5
41. Rc6+ Ke5 42. Rc7 h4 43. Nc4+ Kxd5 44. Nxa5 Bxa5 45. Rxf7 Ke6 46. Rf3 Bc7
47. Kg2 Bd6 48. Re3+ Kd5 49. Rf3 hxg3 50. fxg3 Ke4 51. Rb3 Rd2+ 52. Kf1 g5 53.
Rb5 Be5 54. Rb3 Bd4 0-1

[Event "EU/EM/M/001 EU Email"]
[Site "EU eMail"]
[Date "2002.02.27"]
[Round "?"]
[White "Ryska, Jiri"]
[Black "Koronowski, Heinz Juergen"]
[Result "1/2-1/2"]
[WhiteElo "2258"]
[BlackElo "2201"]
[PlyCount "76"]
[EventDate "2002.??.??"]

1. d4 Nf6 2. Nf3 g6 3. Nc3 d5 4. g3 Bg7 5. Bg2 O-O 6. Bf4 c6 7. Qd2 Qb6 8. Nd1
Ne4 9. Qe3 Re8 10. c3 Nd7 11. O-O e5 12. dxe5 Nxe5 13. Bxe5 Bxe5 14. Nxe5 Rxe5
15. Qxb6 axb6 16. Ne3 b5 17. Rfd1 Kf8 18. a3 f5 19. Rd4 Nd6 20. Rad1 h5 21. h4
Nc4 22. Nxc4 bxc4 23. Kf1 Kg7 24. f3 b6 25. e4 fxe4 26. fxe4 Bg4 27. R1d2 Rf8+
28. Kg1 dxe4 29. Rxe4 Rxe4 30. Bxe4 Rf6 31. a4 Re6 32. Bg2 Kf6 33. Bf1 b5 34.
Kf2 Ke7 35. a5 Rf6+ 36. Ke1 c5 37. Be2 Bxe2 38. Rxe2+ Kd7 1/2-1/2

[Event "EU/EM/M/001 EU Email"]
[Site "EU eMail"]
[Date "2002.02.27"]
[Round "?"]
[White "Ryska, Jiri"]
[Black "Machycek, Lubomir"]
[Result "0-1"]
[WhiteElo "2258"]
[BlackElo "2390"]
[PlyCount "84"]
[EventDate "2002.??.??"]

1. d4 Nf6 2. Nf3 e6 3. c4 b6 4. g3 Ba6 5. Qa4 Bb7 6. Bg2 c5 7. dxc5 bxc5 8. Nc3
Be7 9. O-O O-O 10. Bf4 Qb6 11. Qb5 Rd8 12. Qxb6 axb6 13. Rfd1 d6 14. Nb5 Ne8
15. a3 Bc6 16. Nc3 h6 17. e4 g5 18. Bc1 Bf6 19. e5 dxe5 20. Rxd8 Bxd8 21. Nxe5
Bxg2 22. Kxg2 Bf6 23. Ng4 Bxc3 24. bxc3 Kg7 25. h4 h5 26. Ne5 gxh4 27. gxh4 f6
28. Nd3 e5 29. Rb1 Nd7 30. Bb2 Kf7 31. Rd1 Nf8 32. Ne1 Ke6 33. Nc2 Ng6 34. Ne3
Nxh4+ 35. Kh3 Nf5 36. Nd5 Rb8 37. Bc1 Ned6 38. Re1 Kf7 39. f4 e4 40. Kg2 Rg8+
41. Kf2 h4 42. Ne3 h3 0-1

[Event "EU/EM/M/001 EU Email"]
[Site "EU eMail"]
[Date "2002.02.27"]
[Round "?"]
[White "Ryska, Jiri"]
[Black "Mayer, Johann"]
[Result "1-0"]
[WhiteElo "2258"]
[BlackElo "2216"]
[PlyCount "43"]
[EventDate "2002.??.??"]

1. d4 Nf6 2. c4 e6 3. Nc3 Bb4 4. Qc2 O-O 5. e4 c5 6. dxc5 Nc6 7. Bg5 Bxc5 8.
Nf3 h6 9. Bh4 d6 10. a3 Nd4 11. Qd3 e5 12. Rd1 Nxf3+ 13. gxf3 a5 14. Rg1 a4 15.
Rd2 Kh8 16. f4 exf4 17. Nd5 g5 18. Qc3 Kg7 19. Rxg5+ hxg5 20. Bxg5 Kh7 21. Bxf6
Qd7 22. Bg7 1-0

[Event "EU/EM/M/001 EU Email"]
[Site "EU eMail"]
[Date "2002.02.27"]
[Round "?"]
[White "Wrba, Klaus"]
[Black "Flaherty, Kevin"]
[Result "1/2-1/2"]
[WhiteElo "2431"]
[BlackElo "2139"]
[PlyCount "99"]
[EventDate "2002.??.??"]

1. c4 d5 2. cxd5 Qxd5 3. Nc3 Qa5 4. g3 Nf6 5. Bg2 e5 6. d3 Be7 7. Qb3 c6 8. Nf3
O-O 9. O-O Na6 10. a3 Nc5 11. Qc2 Ne6 12. Be3 Rd8 13. b4 Qc7 14. Rfc1 Nd4 15.
Nxd4 exd4 16. Bf4 Qd7 17. Na4 Qf5 18. Nc5 Nd5 19. Bd2 Qe5 20. Re1 a5 21. Na4
axb4 22. Bxd5 cxd5 23. Nb6 Ra6 24. Nxc8 Bf8 25. Bxb4 Bxb4 26. axb4 Rc6 27. Qa4
Rdxc8 28. Qb5 R6c7 29. Ra5 Qd6 30. Rea1 h6 31. Qxd5 Qxb4 32. Ra8 Qb2 33. R1a2
Qc1+ 34. Kg2 Qc6 35. Qxc6 bxc6 36. R2a7 Rxa8 37. Rxc7 Ra6 38. Kf3 g6 39. g4 Kg7
40. h3 g5 41. Rd7 Ra4 42. Rd6 c5 43. Rc6 Ra5 44. Kg3 Rb5 45. f4 gxf4+ 46. Kf2
Ra5 47. Kf3 Rb5 48. h4 Ra5 49. Kxf4 Rb5 50. Kf3 1/2-1/2

[Event "EU/EM/M/001 EU Email"]
[Site "EU eMail"]
[Date "2002.02.27"]
[Round "?"]
[White "Wrba, Klaus"]
[Black "Koronowski, Heinz Juergen"]
[Result "1/2-1/2"]
[WhiteElo "2431"]
[BlackElo "2201"]
[PlyCount "75"]
[EventDate "2002.??.??"]

1. c4 e5 2. Nc3 Nf6 3. Nf3 Nc6 4. g3 Bb4 5. Bg2 O-O 6. O-O Re8 7. Nd5 Bf8 8. d3
h6 9. Nxf6+ Qxf6 10. Nd2 d6 11. Ne4 Qd8 12. Nc3 Be6 13. b4 a6 14. Rb1 Qd7 15.
Nd5 Be7 16. Bb2 Rab8 17. Qd2 Bg5 18. f4 exf4 19. Qc3 f5 20. gxf4 Bh4 21. b5 Nd8
22. Qa5 Bxd5 23. Bxd5+ Kh7 24. bxa6 bxa6 25. Bf3 Qf7 26. Kh1 Ne6 27. e3 Nc5 28.
Qd2 Bf6 29. Bd5 Qe7 30. Bd4 Bxd4 31. exd4 Nd7 32. Bc6 Rxb1 33. Rxb1 Rb8 34. Re1
Qf7 35. Bf3 Qf6 36. Qf2 a5 37. Bd5 Nf8 38. a4 1/2-1/2

[Event "EU/EM/M/001 EU Email"]
[Site "EU eMail"]
[Date "2002.02.27"]
[Round "?"]
[White "Wrba, Klaus"]
[Black "Machycek, Lubomir"]
[Result "1/2-1/2"]
[WhiteElo "2431"]
[BlackElo "2390"]
[PlyCount "90"]
[EventDate "2002.??.??"]

1. c4 e6 2. Nc3 b6 3. Nf3 Bb7 4. g3 Bxf3 5. exf3 Bb4 6. a3 Be7 7. d4 d5 8. cxd5
exd5 9. Qa4+ c6 10. Bf4 Qd7 11. O-O-O a5 12. Bd3 Nf6 13. g4 g6 14. Bh6 Kd8 15.
Kb1 Na6 16. Bf4 Nc7 17. Be5 Rf8 18. h4 Nfe8 19. Qc2 b5 20. h5 Bd6 21. a4 Rb8
22. axb5 cxb5 23. Qd2 b4 24. Ne2 a4 25. Qh6 a3 26. Bxd6 Qxd6 27. Qxh7 b3 28.
Qh6 Ne6 29. Qd2 Ra8 30. Qc3 axb2 31. Qxb2 N8c7 32. Nc1 Rb8 33. Bf1 Ke7 34. hxg6
fxg6 35. Nd3 Rh8 36. Rxh8 Rxh8 37. Nc5 Ra8 38. Bd3 Qf4 39. Nxb3 Rb8 40. Be2 Qh2
41. Rd2 Qxf2 42. Qc3 Kf8 43. Ka2 Kg7 44. Rc2 Rb6 45. Rb2 Kf6 1/2-1/2

[Event "EU/EM/M/001 EU Email"]
[Site "EU eMail"]
[Date "2002.02.27"]
[Round "?"]
[White "Wrba, Klaus"]
[Black "Mayer, Johann"]
[Result "1-0"]
[WhiteElo "2431"]
[BlackElo "2216"]
[PlyCount "51"]
[EventDate "2002.??.??"]

1. c4 e5 2. Nc3 Nf6 3. Nf3 Nc6 4. g3 Bb4 5. Bg2 O-O 6. O-O e4 7. Ng5 Bxc3 8.
bxc3 Re8 9. f3 exf3 10. Nxf3 d5 11. d4 Ne4 12. Qc2 dxc4 13. Rb1 Bf5 14. Nh4
Nxc3 15. Nxf5 Nxb1 16. e3 Qd7 17. Qxb1 Rab8 18. Qb5 Ne5 19. Qb4 Nd3 20. Qxc4
Nxc1 21. Qxc1 c6 22. Bh3 Qc7 23. d5 Qe5 24. dxc6 Rbc8 25. Nd4 Rc7 26. Bd7 1-0

[Event "EU/EM/M/001 EU Email"]
[Site "EU eMail"]
[Date "2002.02.27"]
[Round "?"]
[White "Wrba, Klaus"]
[Black "Ryska, Jiri"]
[Result "1-0"]
[WhiteElo "2431"]
[BlackElo "2258"]
[PlyCount "82"]
[EventDate "2002.??.??"]

1. c4 c5 2. Nc3 Nc6 3. g3 g6 4. Bg2 Bg7 5. Nf3 Nf6 6. O-O O-O 7. d4 cxd4 8.
Nxd4 Qb6 9. Nc2 d6 10. b3 Bd7 11. Bb2 Rfc8 12. e3 Ne5 13. Qd2 Bc6 14. Nd4 Bxg2
15. Kxg2 Nc6 16. Nxc6 bxc6 17. e4 Rd8 18. Rad1 e6 19. Na4 Qc7 20. Qe2 d5 21. e5
Nd7 22. f4 dxc4 23. Qxc4 Nb6 24. Qa6 Nxa4 25. Qxa4 Qb7 26. Bc1 Rd5 27. Be3 a6
28. Qe4 a5 29. Rc1 Bf8 30. Rc4 Ba3 31. Rf2 Rad8 32. Rfc2 c5 33. Kh3 Qb5 34. Qg2
Bb4 35. Bc1 Rd1 36. Qf3 R8d4 37. a3 R4d3 38. Qg2 Be1 39. Rxc5 Qb6 40. f5 exf5
41. Qa8+ Kg7 1-0

[Event "EU/EM/M/001 EU Email"]
[Site "EU eMail"]
[Date "2002.02.27"]
[Round "?"]
[White "Wurschner, Miroslav"]
[Black "Delavekouras, Sotiris"]
[Result "1/2-1/2"]
[WhiteElo "2284"]
[BlackElo "2256"]
[PlyCount "141"]
[EventDate "2002.??.??"]

1. e4 e5 2. Nf3 Nc6 3. Bb5 a6 4. Ba4 Nf6 5. O-O Nxe4 6. d4 b5 7. Bb3 d5 8. dxe5
Be6 9. Nbd2 Nc5 10. c3 Bg4 11. Bc2 Qd7 12. Re1 d4 13. h3 Be6 14. cxd4 Nxd4 15.
Nxd4 Qxd4 16. Nf3 Qxd1 17. Rxd1 Rd8 18. Rxd8+ Kxd8 19. Be3 h6 20. Rd1+ Kc8 21.
Nd4 Bd7 22. a3 Ne6 23. Nxe6 Bxe6 24. f4 Be7 25. f5 Bd7 26. b4 Re8 27. Bd4 h5
28. Kf2 Kb7 29. g4 hxg4 30. hxg4 Bc6 31. Bb3 Bh4+ 32. Ke2 Re7 33. Rc1 g6 34.
Rc5 gxf5 35. gxf5 Bd7 36. Bd5+ Kc8 37. Be4 Re8 38. Kf3 Rg8 39. Rc2 Rg3+ 40. Kf4
Rg8 41. Rg2 Rxg2 42. Bxg2 Kd8 43. Bd5 Ke8 44. e6 fxe6 45. fxe6 Bc8 46. Kf5 Be7
47. Bc6+ Kf8 48. Be5 Bd8 49. Bf4 Bh4 50. Bxc7 Ke7 51. Bd5 Bf2 52. Bf4 Bd4 53.
Bg5+ Kd6 54. Bb3 Bb2 55. Bd8 Bxa3 56. Kf6 Kc6 57. e7 Bd7 58. Ba5 Kd6 59. Kf7
Ke5 60. Kf8 Bc1 61. Bd1 Kf6 62. Bd8 Bh6+ 63. Kg8 Ke5 64. Kf7 Bg5 65. Bb3 Kd6
66. Ba2 Ke5 67. Bc7+ Kd4 68. Be6 Bc6 69. Bc8 Bd2 70. Ba5 Kc4 71. Bxa6 1/2-1/2

[Event "EU/EM/M/001 EU Email"]
[Site "EU eMail"]
[Date "2002.02.27"]
[Round "?"]
[White "Wurschner, Miroslav"]
[Black "Glaser, Karel"]
[Result "1/2-1/2"]
[WhiteElo "2284"]
[BlackElo "2145"]
[PlyCount "61"]
[EventDate "2002.??.??"]

1. e4 e5 2. Nf3 Nc6 3. Bb5 a6 4. Ba4 Nf6 5. O-O Be7 6. Re1 b5 7. Bb3 d6 8. c3
O-O 9. h3 Bb7 10. d4 Re8 11. Nbd2 Bf8 12. a4 h6 13. Bc2 exd4 14. cxd4 Nb4 15.
Bb1 c5 16. d5 Nd7 17. Ra3 f5 18. axb5 axb5 19. exf5 Rxe1+ 20. Qxe1 Rxa3 21.
bxa3 Nxd5 22. Qe6+ Kh8 23. Bb2 N7f6 24. Nh4 Nf4 25. Qe3 N6d5 26. Ng6+ Kg8 27.
Qf3 Qa5 28. Nf1 Qe1 29. Be4 Ne2+ 30. Kh2 Nf6 31. Bxb7 1/2-1/2

[Event "EU/EM/M/001 EU Email"]
[Site "EU eMail"]
[Date "2002.02.27"]
[Round "?"]
[White "Wurschner, Miroslav"]
[Black "Prokopp, Heinz"]
[Result "0-1"]
[WhiteElo "2284"]
[BlackElo "2442"]
[PlyCount "72"]
[EventDate "2002.??.??"]

1. e4 e6 2. d4 d5 3. Nc3 Bb4 4. e5 c5 5. a3 Bxc3+ 6. bxc3 Ne7 7. Qg4 Qc7 8.
Qxg7 Rg8 9. Qxh7 cxd4 10. Ne2 Nbc6 11. f4 Bd7 12. Qd3 dxc3 13. h4 Nf5 14. h5
O-O-O 15. Rg1 Qb6 16. g4 Kb8 17. Rg2 Nh4 18. Rg3 d4 19. Bg2 Nxe5 20. fxe5 Bb5
21. Rb1 Nxg2+ 22. Rxg2 Bxd3 23. Rxb6 Be4 24. Rb4 Bxg2 25. Nxd4 a5 26. Rc4 Bd5
27. Ra4 Be4 28. g5 b5 29. Nxb5 Bxc2 30. Rd4 Rxd4 31. Nxd4 Bd3 32. Kf2 Kb7 33.
Ke3 Bh7 34. Kf2 Ka6 35. Ke2 Rc8 36. Ke3 c2 0-1

[Event "EU/EM/M/001 EU Email"]
[Site "EU eMail"]
[Date "2002.02.27"]
[Round "?"]
[White "Wurschner, Miroslav"]
[Black "Ryska, Jiri"]
[Result "1-0"]
[WhiteElo "2284"]
[BlackElo "2258"]
[PlyCount "57"]
[EventDate "2002.??.??"]

1. e4 d5 2. exd5 c5 3. Nc3 Nf6 4. Bb5+ Bd7 5. Bc4 g6 6. d4 cxd4 7. Qxd4 Bg7 8.
Nf3 Bf5 9. Bb3 O-O 10. O-O a5 11. Qh4 Na6 12. Nd4 Bg4 13. Bg5 Qb6 14. Ndb5 Bd7
15. Be3 Qd8 16. Rad1 Bxb5 17. Nxb5 Qd7 18. a4 Nc7 19. Nxc7 Qxc7 20. Bd4 Qd6 21.
Rfe1 Qb4 22. Qg3 Rfd8 23. Bc3 Qc5 24. Qf3 Rac8 25. d6 Rxd6 26. Rxd6 Qxd6 27.
Qxb7 Re8 28. Bxa5 Ng4 29. h3 1-0

[Event "EU/EM/M/001 EU Email"]
[Site "EU eMail"]
[Date "2002.02.27"]
[Round "?"]
[White "Wurschner, Miroslav"]
[Black "Wrba, Klaus"]
[Result "1/2-1/2"]
[WhiteElo "2284"]
[BlackElo "2431"]
[PlyCount "79"]
[EventDate "2002.??.??"]

1. e4 e6 2. d4 d5 3. Nc3 Bb4 4. e5 c5 5. a3 Bxc3+ 6. bxc3 Ne7 7. Qg4 O-O 8. Bd3
Nbc6 9. Bg5 Qa5 10. Ne2 Ng6 11. O-O Qa4 12. h3 c4 13. Bxg6 fxg6 14. Ra2 b5 15.
Rb1 Rb8 16. Ng3 Rb7 17. Be3 Rbf7 18. Nf1 Qa5 19. a4 bxa4 20. Ra3 Bd7 21. Rb7
Kh8 22. Nd2 Rb8 23. Rxb8+ Nxb8 24. Qh4 Kg8 25. Qg4 Na6 26. Nb1 Nc7 27. Ra2 Nb5
28. Qd1 Rf8 29. Qc1 Rb8 30. Qb2 Qd8 31. Qa1 Qf8 32. Nd2 Nc7 33. Nf1 a5 34. Bc1
Rb7 35. Rb2 Nb5 36. Ra2 Qb8 37. Nd2 Qe8 38. Nf1 Bc6 39. Be3 Nc7 40. Bc1 1/2-1/2